Kéthly Anna és Györki Imre hevesen támadták a kormányzati rendszert
Elmentve itt :
| Dokumentumtípus: | Cikk |
|---|---|
| Megjelent: |
1930-06-24
|
| Sorozat: | Délmagyarország
6 No. 139 |
| Kulcsszavak: | Kéthly Anna, Györki Imre, Politikai élet Szeged 1930 |
| Online Access: | http://dmarchiv.bibl.u-szeged.hu/47241 |
| LEADER | 00483nab a2200145 i 4500 | ||
|---|---|---|---|
| 001 | delm47241 | ||
| 005 | 20180927134926.0 | ||
| 008 | 180927s1930 hu o 0|| hun d | ||
| 040 | |a SZTE Délmagyarország Archívum |b hun | ||
| 041 | |a hun | ||
| 245 | 0 | 0 | |a Kéthly Anna és Györki Imre hevesen támadták a kormányzati rendszert |h [elektronikus dokumentum] |
| 260 | |c 1930-06-24 | ||
| 300 | |a 4 | ||
| 490 | 0 | |a Délmagyarország |v 6 No. 139 | |
| 695 | |a Kéthly Anna, Györki Imre, Politikai élet Szeged 1930 | ||